|
|
|
|
| LEADER |
00000nam a2200000 i 4500 |
| 001 |
1/42076 |
| 008 |
031010s1989 eng d |
| 020 |
|
|
|a 0-471-19079-9
|
| 035 |
|
|
|l 10071105
|
| 040 |
|
|
|a GR-MY-UA
|b gre
|e aacr
|
| 041 |
0 |
|
|a eng
|
| 082 |
0 |
|
|a 512.72
|
| 100 |
1 |
|
|a Cox, David A.
|
| 245 |
1 |
0 |
|a Primes of the form x2 + ny2 :
|b fermat, class field theory, and complex multiplication /
|c David A. Cox
|
| 260 |
|
|
|a New York :
|b Wiley,
|c c1989
|
| 300 |
|
|
|a xi, 351 p.;
|c 25 cm.
|
| 504 |
|
|
|a Include sbibliographical references and index
|
| 650 |
0 |
0 |
|a Numbers, Prime.
|
| 852 |
|
|
|a INST
|b SAMOS
|e 20031010
|h 512.72 COX
|p 005300023821
|q 005300023821
|t BK
|y 0
|
| 901 |
|
|
|a BIBL3-2003-3
|
| 909 |
|
|
|a Σ
|b 099246
|
| 922 |
|
|
|a 3ΕΛΗ
|b 200309
|c ΜΕΤΑΠΤ/ΤΜΗΜΑ ΜΑΘΗΜΑΤΙΚΩΝ
|d GLORYBOOK
|
| 970 |
|
|
|a ΚΟΣΙΕΡΗΣ
|b ΧΡΗΣΤΟΣ
|z 2003/10/10
|